Top 100 MLB players of 2016 - Statistics

General Stats
  • This quiz has been taken 601 times
  • The average score is 33 of 100
Answer Stats
# Player % Correct
1 Mike Trout
93%
2 Bryce Harper
81%
3 Clayton Kershaw
81%
19 Kris Bryant
70%
18 Anthony Rizzo
67%
12 Jose Altuve
62%
14 Giancarlo Stanton
60%
10 Miguel Cabrera
60%
96 David Ortiz
58%
5 Josh Donaldson
57%
21 Max Scherzer
54%
26 Jose Bautista
53%
49 Mookie Betts
53%
7 Buster Posey
51%
55 Chris Davis
49%
46 Wade Davis
48%
98 Aroldis Chapman
47%
8 Manny Machado
47%
9 Jake Arrieta
46%
40 Madison Bumgarner
46%
79 Adrian Gonzalez
45%
83 Albert Pujols
44%
61 Brandon Belt
44%
15 Robinson Cano
44%
4 Andrew McCutchen
43%
25 Chris Sale
43%
11 Joey Votto
43%
13 Carlos Correa
42%
99 Corey Seager
41%
47 Edwin Encarnacion
41%
48 Kyle Seager
41%
23 Nolan Arenado
41%
35 Felix Hernandez
40%
34 Adam Jones
39%
69 Russell Martin
39%
30 Corey Kluber
38%
17 David Price
37%
42 Fransisco Lindor
37%
27 Nelson Cruz
36%
93 Jose Fernandez
35%
100 Alex Rodriguez
34%
80 Dustin Pedroia
34%
78 Eric Hosmer
34%
37 Jacob deGrom
34%
64 Yadier Molina
34%
16 Zack Greinke
34%
24 Adrian Beltre
33%
73 Carlos Martinez
33%
53 J.D. Martinez
33%
28 Yoenis Cespedes
32%
97 Andrew Miller
31%
86 Ryan Braun
31%
41 Dee Gordon
30%
62 Salvador Perez
30%
85 Yasiel Puig
30%
77 Alex Gordon
29%
92 Stephan Strasburg
29%
68 George Springer
28%
36 Matt Harvey
28%
38 Troy Tulowitzki
28%
22 Lorenzo Cain
27%
33 Brandon Crawford
26%
84 Justin Turner
26%
51 Adam Wainwright
25%
45 Ben Zobrist
25%
43 Starling Marte
25%
89 Daniel Murphy
24%
71 Gerrit Cole
24%
60 Johnny Cueto
24%
39 Jose Abreu
24%
82 Prince Fielder
24%
32 Jason Heyward
23%
50 Justin Upton
22%
88 Matt Carpenter
21%
59 Xander Bogaerts
21%
90 Craig Kimbrel
19%
52 Jason Kipnis
19%
76 Todd Frazier
19%
67 Ian Kinsler
18%
66 Chris Archer
16%
63 Dellin Betances
15%
57 Sonny Gray
15%
95 Kyle Schwarber
14%
87 Carlos Gomez
13%
72 Jonathan Lucroy
13%
20 A.J. Pollock
12%
31 Michael Brantley
12%
94 Miguel Sano
12%
56 Brian McCann
11%
74 Carlos Carrasco
9%
6 Paul Goldschmidt
9%
91 Andrelton Simmons
8%
29 Dallas Keuchel
7%
70 Jhonny Peralta
6%
81 Jordan Zimmermann
6%
75 Stephen Vogt
6%
54 Jung Ho Kang
4%
65 Kevin Kiermaier
4%
58 Logan Forsythe
3%
44 Randal Grichuk
2%
No matching quizzes found
Score Distribution
Percent of People with Each Score
Percentile by Number Answered
Your Score History
You have not taken this quiz